| Tag |
First Indicator |
Second Indicator |
Subfields |
| LEADER |
00000cam a2200000 a 4500 |
| 001 |
in00001362813 |
| 005 |
20151006094420.0 |
| 008 |
970707s1997 it a b i000 0 eng d |
| 020 |
|
|
|a 925103933X
|
| 035 |
|
|
|a (OCoLC)37244816
|
| 035 |
|
|
|9 AHK2338AM
|
| 040 |
|
|
|a DJB
|c DJB
|d TXA
|d UtOrBLW
|
| 049 |
|
|
|a TXAM
|
| 090 |
|
|
|a HD9000.9.U5
|b T46 1997
|
| 100 |
1 |
|
|a Thomson, Anne Margaret.
|
| 245 |
1 |
0 |
|a Implications of economic policy for food security :
|b a training manual /
|c by Anne Thomson and Manfred Metz.
|
| 264 |
|
1 |
|a Rome :
|b Food and Agriculture Organization of the United Nations,
|c 1997.
|
| 300 |
|
|
|a viii, 313 pages :
|b illustrations ;
|c 30 cm.
|
| 336 |
|
|
|a text
|b txt
|2 rdacontent
|
| 337 |
|
|
|a unmediated
|b n
|2 rdamedia
|
| 338 |
|
|
|a volume
|b nc
|2 rdacarrier
|
| 490 |
1 |
|
|a Training materials for agricultural planning,
|x 1020-0665 ;
|v 40
|
| 500 |
|
|
|a "Prepared for the Agricultural Policy Support Service, Policy Assistance Division, FAO and the Deutsche Gesellschaft Für Technische Zusammenarbeit (GTZ)."
|
| 504 |
|
|
|a Includes bibliographical references (pages 307-313).
|
| 650 |
|
0 |
|a Food supply
|x Govenment policy.
|
| 651 |
|
0 |
|a Developing countries
|x Economic policy.
|
| 700 |
1 |
|
|a Metz, Manfred.
|
| 710 |
2 |
|
|a Food and Agriculture Organization of the United Nations.
|b Agricultural Policy Support Service.
|
| 710 |
2 |
|
|a Deutsche Gesellschaft für Technische Zusammenarbeit.
|
| 830 |
|
0 |
|a Training materials for agricultural planning.
|x 1020-0665 ;
|v 40.
|
| 999 |
|
|
|a MARS
|
| 999 |
f |
f |
|s 95cfdcbf-8e79-3c6b-8899-2ca7cdf3e5dd
|i 4d1ac1fe-9f8f-351f-b759-49b118d9a084
|t 0
|
| 952 |
f |
f |
|p ric
|a Texas A&M University
|b Rellis Campus
|c Joint Library Facility
|d Remote Storage
|t 0
|e HD9000.9.U5 T46 1997
|h Library of Congress classification
|i unmediated -- volume
|m A14821296671
|
| 998 |
f |
f |
|a HD9000.9.U5 T46 1997
|t 0
|l Remote Storage
|